000 00575nam a2200169 i 4500
001 75998
003 ES-MaACL
005 20230906172702.0
007 t|
008 040928s1943 mx ||||1| spa d
100 1 _aGroethuysen, Bernard.
_960114
245 1 3 _aLa formación de la conciencia burguesa en Francia durante el siglo XVIII /
_cBernhard Groethuysen ; traducción y prólogo de José Gaos.
250 _a[1ª ed. española].
260 _aMéxico :
_bFondo de Cultura Económica,
_c[1943]
300 _aXV, 647 p. ;
_c22 cm.
852 _aES-MaACL
_jD-4611
_bR.29856
999 _c75998
_d75998